Разработка информационной системы учета и анализа оказания услуг проката спортивного инвентаря; Прогрессивные технологии и экономика в машиностроении

Dades bibliogràfiques
Parent link:Прогрессивные технологии и экономика в машиностроении.— 2023.— [С. 147-149]
Autor principal: Мухиддинов А. А.
Autor corporatiu: Национальный исследовательский Томский политехнический университет Юргинский технологический институт
Altres autors: Телипенко Е. В. Елена Викторовна (научный руководитель)
Sumari:Заглавие с экрана
Данная статья посвящена описанию проекта информационной системы для автоматизации учета и анализа оказания услуг проката спортивного инвентаря. Описана предметная область, выявлены функции будущей системы, построены функциональные диаграммы с декомпозицией.
This article is devoted to the description of the information system project for automating the accounting and analysis of the provision of sports equipment rental services. The subject area is described, the functions of the future system are identified, and functional diagrams with decomposition are constructed.
Idioma:rus
Publicat: 2023
Col·lecció:Информационные технологии, экономика, управление
Matèries:
Accés en línia:http://earchive.tpu.ru/handle/11683/76150
Format: MixedMaterials Electrònic Capítol de llibre
KOHA link:https://koha.lib.tpu.ru/cgi-bin/koha/opac-detail.pl?biblionumber=635636

MARC

LEADER 00000naa2a2200000 4500
001 635636
005 20231101133854.0
035 |a (RuTPU)RU\TPU\conf\37493 
035 |a RU\TPU\conf\37492 
090 |a 635636 
100 |a 20230512d2023 k y0rusy50 ca 
101 0 |a rus  |d eng 
102 |a RU 
105 |a y z 101zy 
135 |a drcn ---uucaa 
181 0 |a i  
182 0 |a b 
200 1 |a Разработка информационной системы учета и анализа оказания услуг проката спортивного инвентаря  |f А. А. Мухиддинов  |g науч. рук. Е. В. Телипенко 
203 |a Текст  |c электронный 
225 1 |a Информационные технологии, экономика, управление 
230 |a 1 компьютерный файл (pdf; 509 Kb) 
300 |a Заглавие с экрана 
320 |a [Библиогр.: с. 149 (2 назв.)] 
330 |a Данная статья посвящена описанию проекта информационной системы для автоматизации учета и анализа оказания услуг проката спортивного инвентаря. Описана предметная область, выявлены функции будущей системы, построены функциональные диаграммы с декомпозицией. 
330 |a This article is devoted to the description of the information system project for automating the accounting and analysis of the provision of sports equipment rental services. The subject area is described, the functions of the future system are identified, and functional diagrams with decomposition are constructed. 
463 0 |0 (RuTPU)RU\TPU\conf\37447  |t Прогрессивные технологии и экономика в машиностроении  |o сборник трудов XIV Всероссийской научно-практической конференции для студентов и учащейся молодежи, 6-8 апреля 2023 г., Юрга  |f Национальный исследовательский Томский политехнический университет (ТПУ), Юргинский технологический институт (ЮТИ) ; под ред. С. А. Солодского  |v [С. 147-149]  |d 2023 
610 1 |a электронный ресурс 
610 1 |a труды учёных ТПУ 
610 1 |a информационные системы 
610 1 |a учет 
610 1 |a анализ 
610 1 |a прокат 
610 1 |a спортивный инвентарь 
610 1 |a автоматизация 
610 1 |a information system 
610 1 |a accounting 
610 1 |a analysis 
610 1 |a rental 
610 1 |a sports equipment 
700 1 |a Мухиддинов  |b А. А. 
702 1 |a Телипенко  |b Е. В.  |c специалист в области информатики и вычислительной техники  |c доцент Томского политехнического университета, кандидат технических наук  |f 1985-  |g Елена Викторовна  |2 stltpush  |4 727 
712 0 2 |a Национальный исследовательский Томский политехнический университет  |b Юргинский технологический институт  |c (2009- )  |h 349  |2 stltpush  |3 (RuTPU)RU\TPU\col\15903 
801 2 |a RU  |b 63413507  |c 20230615  |g RCR 
856 4 |u http://earchive.tpu.ru/handle/11683/76150 
942 |c BK